|
|
|
|
| LEADER |
00000nam a2200000 a 4500 |
| 001 |
vtls001377122 |
| 003 |
SK-MaSNL |
| 005 |
20260301115451.0 |
| 008 |
240318s1892 au 0 slo |
| 035 |
|
|
|a SNK000331064
|
| 040 |
|
|
|a SNK
|b slo
|c SNK
|e AACR2
|
| 041 |
0 |
|
|a slo
|
| 044 |
|
|
|a au
|c AT
|
| 100 |
1 |
|
|a Kvačala, Ján Radomil,
|d 1862-1934
|4 aut
|9 160353
|
| 245 |
1 |
0 |
|a Ján Amos Komenský
|c Ján Kvačala
|
| 260 |
|
|
|a Wien
|b Julis Klinthardt
|c 1892
|
| 300 |
|
|
|a 89 s.
|
| 958 |
|
|
|a ONDV
|
| 999 |
|
|
|c 722313
|d 724243
|
| 952 |
|
|
|t P60, <04>, [BOOK], {604}
|a SNK
|b SNK
|y VYP
|7 0
|p 17A0218193
|o snkSD 4540 D1
|0 0
|1 0
|4 0
|d 1999-11-16
|l 0
|r 2005-01-02 00:00:00
|w 2026-02-23
|
| 952 |
|
|
|t P60, <03>, [BOOK], {603}
|a SNK
|b SNK
|y PREZ
|7 0
|p 17A0235144
|o snkSD 4540
|0 0
|1 0
|4 0
|d 2000-04-27
|f 1
|l 0
|r 2025-11-11 00:00:00
|w 2026-02-23
|
| 952 |
|
|
|a SNK
|b SNK
|y VYP
|7 0
|p 17A0546336
|o snkSD 4540 D2
|i snkK 377/86
|8 3
|3 rekatalogizácia
|0 0
|1 0
|4 0
|d 2007-04-26
|l 0
|r 2026-02-23 22:03:44
|w 2026-02-23
|